Desolación

Salvato in:
Dettagli Bibliografici
Natura: Libro
Lingua:spagnolo
Pubblicazione: Santiago Andrés Bello 1988
Serie:Colección Biblioteca Andrés Bello, 16
Soggetti:
Tags: Aggiungi Tag
Nessun Tag, puoi essere il primo ad aggiungerne!!

MARC

LEADER 00000nam a2200000 a 4500
001 UCX2451
003 CL-VaPUC
008 910515e19880000CL |||||||||||||||||spa|d
082 0 4 |a Ch861  |b MIS  |2 21 
245 1 0 |a Desolación 
300 |a 255 p 
942 |c BK 
945 |d 19910515 00:00:00 
260 |a Santiago  |b Andrés Bello  |c 1988 
650 0 |a Poesías chilenas   |9 265280 
583 |a last modification  |c 19910515 00:00:00  |k Rodrigo Vera 
490 0 |a Colección Biblioteca Andrés Bello, 16 
999 |c 223468  |d 223466 
952 |0 0  |1 0  |4 0  |6 CH_861_000000000000000_MIS_1988  |7 0  |8 A  |9 219268  |a BIBEDU  |b BIBEDU  |c ES_NOD  |d 2019-11-15  |i 2880431  |o Ch861 MIS 1988  |p 2880431  |r 2023-08-09  |w 2019-11-15  |y BK  |k LIT